| 000 | 01320nam a2200325 i 4500 | ||
|---|---|---|---|
| 001 | 67309 | ||
| 003 | ES-MaACL | ||
| 005 | 20250825055154.0 | ||
| 007 | t| | ||
| 008 | 040518s2003 sp |||| |bspa d | ||
| 020 | _a84-7522-912-3 | ||
| 080 | _a929 Alberti, Rafael | ||
| 080 | _a82-16.09"19"(082.2) | ||
| 245 | 0 | 0 |
_aHace falta estar ciego : _bpoéticas del compromiso para el siglo XXI / _cJosé M. Mariscal, Carlos Pardo (eds.) ; prólogo de Luis García Montero ; epílogo de Juan Carlos Rodríguez. |
| 260 |
_aMadrid : _bVisor Libros, _c[2003] |
||
| 300 |
_a127 p. ; _c22 cm. |
||
| 490 | 1 |
_aVisor literario ; _v8 |
|
| 500 | _aÍndice disponible en Dialnet. | ||
| 600 | 1 | 4 |
_aAlberti, Rafael, _d1902-1999- _xHomenajes _919348 |
| 650 | 4 |
_aPoesía política- _yS.XX. _9172422 |
|
| 700 | 1 |
_aMariscal, José M. _976889 |
|
| 700 | 1 |
_aPardo, Carlos, _d1919-2004 _988960 |
|
| 700 | 1 |
_aGarcía Montero, Luis, _d1958- _954978 |
|
| 700 | 1 |
_aRodríguez, Juan Carlos, _d1944- _9161726 |
|
| 830 | 1 |
_aVisor literario ; _v8 _9182437 |
|
| 852 | 4 |
_aES-MaACL _jL-27512 _cDEPO2 _zRevisado enlace: 21 de julio de 2025 |
|
| 856 | 4 |
_uhttps://rebiunoda.pro.baratznet.cloud:28443/OpacDiscovery/public/catalog/detail/b2FpOmNlbGVicmF0aW9uOmVzLmJhcmF0ei5yZW4vMjg2NjA2Ng _yRebiun |
|
| 942 | _2udc | ||
| 999 |
_c67309 _d67309 |
||